000 00549nam a2200181Ia 4500
008 151018s9999 xx 000 0 und d
082 _bRBASDV2688
_a891.463
100 _aएडगर बरो राईस
245 _aटारझन - ४
250 _b2
260 _bचित्रशाळा प्रकाशन
_c1955
300 _a136
600 _aएडगर बरो राईस
630 _aटारझन - ४
700 _aएडगर बरो राईस
730 _aटारझन - ४
942 _cBOOK
999 _c1005105
_d1005102